Huellas y Marcas Cervantinas en Única Mirando al Mar, de Fernando Contreras Castro /
Analiza algunas huellas y marcas cervantinas encontradas en la novela Única mirando al mar, del escritor costarricense Fernando Contreras Castro, quien ha manifestado públicamente su interés por El Ingenioso Hidalgo Don Quijote de la Mancha, diciendo que esta novela es una de sus preferidas. Trata d...
Guardado en:
| Hovedforfatter: | |
|---|---|
| Format: | Ukendt |
| Sprog: | Spanish |
| Fag: | |
| Tags: |
Tilføj Tag
Ingen Tags, Vær først til at tagge denne postø!
|
MARC
| LEADER | 000000000a22000000004500 | ||
|---|---|---|---|
| 001 | 009140 | ||
| 041 | 0 | |a spa | |
| 100 | 1 | |a Morúa Torre, Ana Cecilia | |
| 245 | 1 | 0 | |a Huellas y Marcas Cervantinas en Única Mirando al Mar, de Fernando Contreras Castro / |c Ana Cecilia Morúa Torre. |
| 520 | |a Analiza algunas huellas y marcas cervantinas encontradas en la novela Única mirando al mar, del escritor costarricense Fernando Contreras Castro, quien ha manifestado públicamente su interés por El Ingenioso Hidalgo Don Quijote de la Mancha, diciendo que esta novela es una de sus preferidas. Trata de demostrar cómo influye El Quijote en Única mirando al mar y concluye que esta producción textual de Contreras está atravesada por intertextos cervantinos. | ||
| 650 | 4 | |a CONTRERAS CASTRO, FERNANDO R. | |
| 650 | 4 | |a UNICA MIRANDO AL MAR | |
| 650 | 4 | |a DON QUIJOTE DE LA MANCHA | |
| 650 | 4 | |a INTERTEXTUALIDAD | |
| 650 | 4 | |a CRITICAS | |
| 773 | 0 | |x 1409-0112 |d Alajuela, Costa Rica : Taller de Publicaciones de Occidente |t Revista Pensamiento Actual |g volumen 3, número 4 (2002), páginas 58-64 | |
| 942 | |c ARC | ||
| 999 | |c 15049 |d 15049 | ||
